मनुजी तेने बरन बनाए / (Record no. 117064)

MARC details
000 -LEADER
fixed length control field 01038nam a22002777a 4500
003 - CONTROL NUMBER IDENTIFIER
control field dpl
005 - DATE AND TIME OF LATEST TRANSACTION
control field 20180723124836.0
008 - FIXED-LENGTH DATA ELEMENTS--GENERAL INFORMATION
fixed length control field 180723b xxu||||| |||| 00| 0 eng d
010 ## - LIBRARY OF CONGRESS CONTROL NUMBER
LC control number B-151282
020 ## - INTERNATIONAL STANDARD BOOK NUMBER
Terms of availability 150.00
International Standard Book Number 8180180409
035 ## - SYSTEM CONTROL NUMBER
System control number B-151282, B-151283
037 ## - SOURCE OF ACQUISITION
Source of stock number/acquisition Cen Lib/Ret
040 ## - CATALOGING SOURCE
Original cataloging agency DPL
Language of cataloging HN
Transcribing agency 0
082 ## - DEWEY DECIMAL CLASSIFICATION NUMBER
Classification number
Item number असफ
100 ## - MAIN ENTRY--PERSONAL NAME
Personal name असफल, ए.
9 (RLIN) 69882
245 ## - TITLE STATEMENT
Title मनुजी तेने बरन बनाए /
Statement of responsibility, etc ए.असफल
246 ## - VARYING FORM OF TITLE
Title proper/short title Manuji tene baran banae /
Remainder of title by A.Asafal
260 ## - PUBLICATION, DISTRIBUTION, ETC. (IMPRINT)
Place of publication, distribution, etc नई दिल्ली
Name of publisher, distributor, etc नेशनल पब्लिशिंग हाउस
Date of publication, distribution, etc 2004
270 ## - ADDRESS
City नई दिल्ली
Address 23, दरियागंज
Postal code 110002
300 ## - PHYSICAL DESCRIPTION
Extent 152पृ.
Dimensions 21सेमी(सजिल्द)
650 ## - SUBJECT ADDED ENTRY--TOPICAL TERM
Topical term or geographic name as entry element हिन्दी साहित्य
9 (RLIN) 69883
650 ## - SUBJECT ADDED ENTRY--TOPICAL TERM
Topical term or geographic name as entry element हिन्दी -- कहानियाँ
9 (RLIN) 69884
650 ## - SUBJECT ADDED ENTRY--TOPICAL TERM
Topical term or geographic name as entry element Hindi literature
9 (RLIN) 69885
650 ## - SUBJECT ADDED ENTRY--TOPICAL TERM
Topical term or geographic name as entry element Hindi -- Stories
9 (RLIN) 69886
942 ## - ADDED ENTRY ELEMENTS (KOHA)
Source of classification or shelving scheme Dewey Decimal Classification
Koha item type Hindi Books
Classification part
Call number suffix असफ
Holdings
Withdrawn status Lost status Damaged status Not for loan Home library Current library Date acquired Source of acquisition Cost, normal purchase price Total Checkouts Total Renewals Full call number Barcode Date last seen Date checked out Copy number Cost, replacement price Price effective from Koha item type Source of classification or shelving scheme Collection code
        Central Library Central Library 26/08/2015 Cen Lib/Ret 150.00 3 1 क असफ B-151282 05/12/2024 21/11/2024 1 150.00 26/08/2015 Hindi Books    
        Shahdara Branch Shahdara Branch 23/07/2018 BPPD/PUB 150.00 6 3 क असफ B-151283 03/03/2023 09/02/2023   150.00 23/07/2018 Hindi Books Dewey Decimal Classification Fiction

© Delhi Public Library
Hit Counter
free hit counter